000 01502nam0a2200373 4500
001 RU\NLR\bibl\391568
005 20260407083731.0
010 _a5-901483-08-1
_bВ пер.
_91000
021 _aRU
_b2003-8552
_9395
035 _a(NLR Aleph) 000385858
090 _a484703
_c484703
100 _a20030408d2002 |||y0rusy50 ca
101 0 _arus
102 _aRU
105 _aa |||||||||
200 1 _aКолыбель быстрокрылых орлов
_e(О выпускниках Бугуруслан. лет. училища)
_e[Сборник]
210 _aМ.
_cНаш современник
_d2002
215 _a223 с., [52] л. ил.
_d21
601 0 2 _aБугурусланское летное училище
_jСборники
_xВыпускники
_92288943
_3RU\NLR\auth\661370947
606 0 _aАвиация
_jСборники
_xИстория
_yСССР
_9928305
_3RU\NLR\auth\6622783
610 0 _aАвиационные училища - История
610 0 _aБугуруслан, г., Оренбург. обл., образование
675 _a377.37:656.7(470.56)(092)
_v3
_zrus
686 _a14.31
_2rugasnti
686 _a74.56
_2rubbk
686 _aЧ478.759.44(2)7
686 _aО5г(2)я43
712 0 2 _4570
_aБугурусланское летное училище
_9588732
_3RU\NLR\AUTH\8810044659
801 0 _aRU
_bRKP
_c20030408
_gPSBO
801 1 _aRU
_bRKP
_c20030408
801 2 _aRU
_bNLR
_c20030602
_grcr
942 _cBOOK
980 _aNB